000
00271 a2200097 4500
001
84250
090
_c
40052
_d
40051
100
_a
Hamlyn
245
_a
Turning the tide of war; 50 battles that changed the course of modern history
260
_a
London
_b
Octopus publishing Group.
_c
2003
942
_a
NUST-CAE
999
_c
319323
_d
319323